[Event "42nd Olympiad 2016"]
[Site "Baku AZE"]
[Date "2016.09.11"]
[Round "9.63"]
[Board "2"]
[White "Mambe, Lobognon Anderson Olivier"]
[Black "Ayyad, Maher"]
[Result "0-1"]
[WhiteTitle "CM"]
[BlackTitle "FM"]
[WhiteElo "1880"]
[BlackElo "2076"]
[WhiteTeam "Ivory Coast"]
[BlackTeam "Bahrain"]
[WhiteFideId "20800070"]
[BlackFideId "11200235"]
[EventDate "2016.09.02"]

1. e4 c5 2. Nf3 e6 3. d4 cxd4 4. Nxd4 Nf6 5. Nc3 Nc6 6. Be3 Bb4 7. Bd3 d5 8. f3
dxe4 9. fxe4 Nxe4 10. Ne2 Nxc3 11. bxc3 Be7 12. O-O O-O 13. Ng3 f5 14. Qh5 Qe8
15. Qe2 Ne5 16. Bb5 Qg6 17. Bxa7 Ng4 18. Bf2 Bd6 19. Rfd1 e5 20. Rd5 Nxf2 21.
Qxf2 Bc7 22. Kh1 Be6 23. c4 Bxd5 24. cxd5 f4 25. Nf1 Bb6 26. Qf3 e4 27. Qh3 Rf6
28. a4 f3 29. g3 e3 30. a5 e2 31. Nd2 Qxc2 32. Nxf3 Rxf3 33. Qe6+ Kh8 34. Bxe2
Rf6 35. Qe7 Bc5 36. Qe5 Rf5 37. Qe6 Bd4 38. Rf1 Rxf1+ 39. Bxf1 Qf2 0-1

[Event "42nd Olympiad 2016"]
[Site "Baku AZE"]
[Date "2016.09.11"]
[Round "9.68"]
[Board "1"]
[White "Mohamud, Hussein Ali"]
[Black "Li Ying, Patrick"]
[Result "0-1"]
[BlackTitle "CM"]
[WhiteElo "1606"]
[BlackElo "2131"]
[WhiteTeam "Somalia"]
[BlackTeam "Mauritius"]
[WhiteFideId "16100352"]
[BlackFideId "9700056"]
[EventDate "2016.09.02"]

1. e4 d5 2. exd5 Qxd5 3. Nc3 Qa5 4. d4 Nf6 5. Bd3 c6 6. Ne2 Bg4 7. O-O e6 8. h3
Bh5 9. Bf4 Be7 10. Qd2 O-O 11. Rfe1 Bg6 12. Ng3 Qb6 13. Bxg6 hxg6 14. a3 Rd8 15.
Red1 Na6 16. Na4 Qb5 17. Nc3 Qa5 18. b4 Qb6 19. Nge4 Rd7 20. Qe3 Qd8 21. Rd3 Nc7
22. Bg5 Ncd5 23. Nxd5 Rxd5 24. h4 Nxe4 25. Bxe7 Qxe7 26. Qxe4 a5 27. Rb1 axb4
28. axb4 Ra2 29. Re3 Rf5 30. f3 Qf6 31. g3 g5 32. hxg5 Qxg5 33. Kg2 Rxc2+ 34.
Qxc2 Qxe3 35. Qd1 Rd5 36. Ra1 Rxd4 37. Ra8+ Kh7 38. Qb1+ f5 39. Ra2 Rd3 40. Rf2
Rb3 41. Qh1+ Kg6 42. Qh4 Rb1 43. Qd8 Qc1 44. Qe8+ Kh7 45. Qh5+ Qh6 46. Qxh6+
Kxh6 47. Re2 Rxb4 48. Rxe6+ g6 49. Kf2 Rb3 50. Rd6 c5 51. Ke2 c4 52. Rd7 b5 53.
Rc7 c3 54. Rc5 b4 55. Rc4 Rb2+ 56. Kd1 Kg7 57. f4 Kf7 58. Rc6 Ke7 59. Rc4 Kd6
60. Kc1 Kd5 61. Rc8 Kd4 62. Rc6 b3 0-1

[Event "42nd Olympiad 2016"]
[Site "Baku AZE"]
[Date "2016.09.11"]
[Round "9.71"]
[Board "3"]
[White "Mooney, Graham"]
[Black "Jamena, Joseph Mensah"]
[Result "1-0"]
[BlackTitle "CM"]
[WhiteElo "1840"]
[BlackElo "1992"]
[WhiteTeam "Jersey"]
[BlackTeam "Ghana"]
[WhiteFideId "15600106"]
[BlackFideId "12600407"]
[EventDate "2016.09.02"]

1. e4 e5 2. Nf3 Nc6 3. Bb5 Nf6 4. O-O Bc5 5. Nxe5 O-O 6. Bxc6 dxc6 7. d3 Re8 8.
Nf3 Bg4 9. h3 Bh5 10. Bg5 Qe7 11. g4 Qe6 12. gxh5 Qxh3 13. Bxf6 gxf6 14. Nh2 Kh8
15. Qf3 Rg8+ 16. Kh1 Qh4 17. Qe2 Rg5 18. f4 Rg3 19. Nd2 Rag8 20. d4 Bxd4 21. Nf3
Qh3 22. Rg1 Bxg1 23. Rxg1 Qxh5 24. Rxg3 Rxg3 25. Nd4 Qg6 26. Ndf3 h5 27. Qf2 h4
28. Nxh4 Qxe4+ 29. Ng2 Rh3 30. Kg1 Qh7 31. Ne3 Qh5 32. f5 Qg5+ 33. Ng2 Qc1+ 34.
Ne1 Qxb2 35. Kg2 Rh5 36. Ng4 Qc1 37. Qe3 Qa1 38. Qe4 Kg7 39. Nf3 Qxa2 40. Ne3
Rh6 41. Ng4 Rh8 42. Nxf6 Qa1 43. Ng4 Qh1+ 44. Kf2 Rd8 45. Qe5+ Kg8 46. Qf6 Rd7
47. Nh6+ Kf8 48. Qh8+ Ke7 49. Ng8+ 1-0

[Event "42nd Olympiad 2016"]
[Site "Baku AZE"]
[Date "2016.09.11"]
[Round "9.78"]
[Board "1"]
[White "Gontcharov, Serguei"]
[Black "Mafnas, Peter"]
[Result "0-1"]
[WhiteElo "1793"]
[BlackElo "2095"]
[WhiteTeam "Bermuda"]
[BlackTeam "Guam"]
[WhiteFideId "8800871"]
[BlackFideId "31000509"]
[EventDate "2016.09.02"]

1. e4 c6 2. d4 d5 3. e5 Bf5 4. Nc3 e6 5. g4 Bg6 6. Nge2 c5 7. h4 h6 8. Be3 cxd4
9. Nxd4 Nc6 10. Bb5 Rc8 11. f4 Ne7 12. f5 exf5 13. gxf5 Nxf5 14. Nxf5 Bxf5 15.
Qd2 Bb4 16. O-O-O O-O 17. Bxh6 Bxc3 18. bxc3 Nxe5 19. Bxg7 Kxg7 20. Rhg1+ Ng6
21. h5 Qa5 22. hxg6 fxg6 23. Rh1 Qxc3 24. Qxc3+ Rxc3 25. Bd3 Bxd3 26. Rxd3 Rxd3
27. cxd3 Rf2 28. Re1 Kf7 29. Re5 Rf5 30. Re2 g5 31. Rc2 Re5 32. Rc7+ Re7 33. Rc5 0-1

[Event "42nd Olympiad 2016"]
[Site "Baku AZE"]
[Date "2016.09.12"]
[Round "10.4"]
[Board "3"]
[White "Jones, Gawain C B"]
[Black "Naiditsch, Arkadij"]
[Result "1-0"]
[WhiteTitle "GM"]
[BlackTitle "GM"]
[WhiteElo "2635"]
[BlackElo "2696"]
[WhiteTeam "England"]
[BlackTeam "Azerbaijan 1"]
[WhiteFideId "409561"]
[BlackFideId "4650891"]
[EventDate "2016.09.02"]

1. e4 e5 2. Nf3 Nc6 3. Bc4 Nf6 4. d4 exd4 5. e5 d5 6. Bb5 Ne4 7. Nxd4 Bd7 8.
Bxc6 bxc6 9. O-O Be7 10. f3 Nc5 11. f4 Ne4 12. f5 c5 13. Ne2 Bb5 14. a4 Ba6 15.
Nbc3 Nxc3 16. bxc3 Qd7 17. Rf2 O-O-O 18. Nf4 g5 19. Nh5 Rhg8 20. Qg4 Kb8 21. Bd2
Ka8 22. Re1 Bc4 23. a5 Rb8 24. h3 h6 25. Qf3 Qc8 26. Ng3 Re8 27. Qh5 f6 28. Qxh6
Rh8 29. Qg7 Qd8 30. Qf7 fxe5 31. f6 Bd6 32. Bxg5 Qg8 33. Qxg8 Rbxg8 34. h4 e4
35. Nf5 Be5 36. g4 Bxc3 37. Re3 Be5 38. Ne7 Rb8 39. Ng6 d4 40. Nxe5 dxe3 41.
Bxe3 Rxh4 42. Nxc4 Rb1+ 43. Kg2 Rxg4+ 44. Kh3 Rg8 45. Kh2 Kb7 46. f7 Rf8 47.
Bxc5 Rh8+ 48. Kg2 Rbh1 49. f8=Q 1-0

[Event "42nd Olympiad 2016"]
[Site "Baku AZE"]
[Date "2016.09.12"]
[Round "10.10"]
[Board "2"]
[White "Cori, Jorge"]
[Black "Vasquez Schroeder, Rodrigo"]
[Result "1-0"]
[WhiteTitle "GM"]
[BlackTitle "GM"]
[WhiteElo "2609"]
[BlackElo "2546"]
[WhiteTeam "Peru"]
[BlackTeam "Chile"]
[WhiteFideId "3802272"]
[BlackFideId "3400042"]
[EventDate "2016.09.02"]

1. d4 d5 2. c4 c6 3. e3 Nf6 4. Nc3 e6 5. Qc2 a6 6. Nf3 c5 7. cxd5 exd5 8. Be2
cxd4 9. Nxd4 Bd6 10. b3 Nc6 11. Nxc6 bxc6 12. Bb2 O-O 13. O-O Ng4 14. Bxg4 Bxg4
15. Na4 Rc8 16. f3 Bh5 17. Nc5 Qe7 18. Bd4 Rfe8 19. Rac1 Qc7 20. g4 Bg6 21. Qb2
f5 22. gxf5 Bxf5 23. Nxa6 Qe7 24. Nc5 Rf8 25. f4 Rce8 26. Rf2 Rf7 27. b4 h6 28.
Qe2 Kh7 29. Nd3 g5 30. Ne5 Bxe5 31. fxe5 Qe6 32. Rcf1 Rb8 33. Bc5 Kg6 34. Bd6
Rbb7 35. a4 Kg7 36. a5 Qg6 37. a6 Rbd7 38. Bc5 Bh3 39. Rxf7+ Rxf7 40. Rxf7+ Qxf7
41. a7 1-0

[Event "42nd Olympiad 2016"]
[Site "Baku AZE"]
[Date "2016.09.12"]
[Round "10.10"]
[Board "4"]
[White "Cruz, Cristhian"]
[Black "Perez Gormaz, Matias"]
[Result "1/2-1/2"]
[WhiteTitle "GM"]
[BlackTitle "FM"]
[WhiteElo "2519"]
[BlackElo "2444"]
[WhiteTeam "Peru"]
[BlackTeam "Chile"]
[WhiteFideId "3801969"]
[BlackFideId "3406342"]
[EventDate "2016.09.02"]

1. d4 d5 2. c4 e6 3. Nc3 Be7 4. Nf3 Nf6 5. Bf4 O-O 6. e3 b6 7. cxd5 Nxd5 8. Nxd5
Qxd5 9. Bd3 Qa5+ 10. Nd2 Ba6 11. Qc2 Nc6 12. Bxa6 Nb4 13. Qc4 Nxa6 14. Ke2 Qh5+
15. f3 Nb4 16. Bg3 Qg5 17. Ne4 Qg6 18. Rac1 h5 19. Qxc7 Nd5 20. Qe5 Rac8 21. Bf2
Rfd8 22. Qg3 Qh6 23. h4 f5 24. Ng5 f4 25. exf4 Bd6 26. Be3 Rxc1 27. Rxc1 Qg6 28.
Qh2 Rf8 29. g3 Qe8 30. Rc4 Qb5 31. b3 Rc8 32. Qh3 Rxc4 33. Qxe6+ Kh8 34. Nf7+
Kh7 35. Ng5+ Kh8 36. Nf7+ Kh7 37. Ng5+ Kh8 1/2-1/2

[Event "42nd Olympiad 2016"]
[Site "Baku AZE"]
[Date "2016.09.12"]
[Round "10.13"]
[Board "2"]
[White "Laurusas, Tomas"]
[Black "Ipatov, Alexander"]
[Result "0-1"]
[WhiteTitle "IM"]
[BlackTitle "GM"]
[WhiteElo "2437"]
[BlackElo "2652"]
[WhiteTeam "Lithuania"]
[BlackTeam "Turkey"]
[WhiteFideId "12803731"]
[BlackFideId "14116731"]
[EventDate "2016.09.02"]

1. d4 d6 2. e4 Nf6 3. Nc3 Nbd7 4. g3 e5 5. Nge2 g6 6. Bg2 Bg7 7. O-O O-O 8. h3
Re8 9. Re1 a6 10. a4 b6 11. dxe5 dxe5 12. Be3 Bb7 13. Nd5 Nxd5 14. exd5 e4 15.
Bd4 Ne5 16. Nf4 Nd3 17. cxd3 Bxd4 18. dxe4 Bxb2 19. Rb1 Be5 20. Nd3 Bd4 21. Qc2
Rc8 22. Qc4 c5 23. e5 b5 24. axb5 axb5 25. Rxb5 Ba6 26. Qa4 Bxb5 27. Qxb5 c4 28.
d6 cxd3 29. d7 Rxe5 30. Rxe5 Rc1+ 31. Kh2 Bxe5 32. Qxe5 Qxd7 33. Qb8+ 0-1

[Event "42nd Olympiad 2016"]
[Site "Baku AZE"]
[Date "2016.09.12"]
[Round "10.16"]
[Board "1"]
[White "Fier, Alexandr"]
[Black "Ferreira, Jorge Viterbo"]
[Result "1-0"]
[WhiteTitle "GM"]
[BlackTitle "IM"]
[WhiteElo "2634"]
[BlackElo "2511"]
[WhiteTeam "Brazil"]
[BlackTeam "Portugal"]
[WhiteFideId "2107139"]
[BlackFideId "1910850"]
[EventDate "2016.09.02"]

1. d4 Nf6 2. c4 e6 3. Nf3 Bb4+ 4. Bd2 a5 5. g3 d6 6. Bg2 Nbd7 7. O-O e5 8. Be3
exd4 9. Bxd4 O-O 10. Nc3 Bc5 11. Qc2 Bxd4 12. Nxd4 Ne5 13. b3 c6 14. Rad1 Qc7
15. h3 Bd7 16. Rd2 Rad8 17. Rfd1 Rfe8 18. Qb2 Ng6 19. Nc2 Bf5 20. Ne3 Rxe3 21.
fxe3 d5 22. e4 Bxh3 23. Rd3 Bxg2 24. Kxg2 Ne5 25. Rd4 Neg4 26. Qd2 Qe5 27. cxd5
cxd5 28. Rd3 Re8 29. Qf4 Qxf4 30. gxf4 d4 31. Rxd4 Ne3+ 32. Kf3 Nxd1 33. Rxd1 h5
34. e5 Rc8 35. Nb5 Ng4 36. Rd7 Rc2 37. Rxb7 Rxa2 38. Nd6 Nh2+ 39. Kg3 Rxe2 40.
Nxf7 Ng4 41. Kh4 Ne3 42. Kxh5 Nd5 43. f5 Rf2 44. Kg5 Rg2+ 45. Kh4 Ne3 46. Nd6
Rg4+ 47. Kh3 Rd4 48. Kg3 Rb4 49. Ra7 Rxb3 50. Kf4 Ng2+ 51. Ke4 Rb4+ 52. Kd5 Nf4+
53. Kc6 Rb8 54. e6 Nh5 55. Kc7 Rb1 56. Ra8+ Kh7 57. e7 Nf6 58. e8=Q Nxe8+ 59.
Rxe8 Rf1 60. Re2 Kg8 61. Ra2 Kh7 62. Kd7 Rf4 63. Ke6 a4 64. Kf7 Rh4 65. Rg2 a3
66. Rxg7+ Kh6 67. Rg2 Ra4 68. Ra2 Kg5 69. Ke6 Ra6 70. f6 Kg6 71. f7 Ra8 72. Rxa3 1-0

[Event "42nd Olympiad 2016"]
[Site "Baku AZE"]
[Date "2016.09.12"]
[Round "10.16"]
[Board "4"]
[White "Sousa, Andre Ventura"]
[Black "Barbosa, Evandro Amorim"]
[Result "1-0"]
[WhiteTitle "FM"]
[BlackTitle "GM"]
[WhiteElo "2379"]
[BlackElo "2509"]
[WhiteTeam "Portugal"]
[BlackTeam "Brazil"]
[WhiteFideId "1917617"]
[BlackFideId "2115824"]
[EventDate "2016.09.02"]

1. e4 c5 2. Nf3 e6 3. b3 a6 4. Bb2 Nc6 5. c4 Qc7 6. g3 Nf6 7. e5 Ng4 8. Qe2 h5
9. Bg2 Be7 10. O-O b6 11. Nc3 Bb7 12. h3 Nd4 13. Nxd4 cxd4 14. Nd5 exd5 15. hxg4
dxc4 16. Bxd4 Bxg2 17. Kxg2 hxg4 18. Qe4 Qc6 19. Qxc6 dxc6 20. Bxb6 cxb3 21.
axb3 Kd7 22. Ba5 Rh5 23. Bc3 Rah8 24. Rfe1 Rh2+ 25. Kf1 R8h5 26. Rxa6 Rf5 27.
Bd4 c5 28. e6+ fxe6 29. Ra7+ Kd6 30. Be5+ Kc6 31. Bf4 Rh1+ 32. Ke2 Rxe1+ 33.
Kxe1 Bf6 34. Ra6+ Kd7 35. Be3 Rh5 36. Ke2 Rd5 37. Ra4 Kc6 38. Rxg4 Rh5 39. Kd3
Kd5 40. Ra4 Be7 41. Ra7 Kd6 42. Kc4 Rd5 43. Bf4+ 1-0

[Event "42nd Olympiad 2016"]
[Site "Baku AZE"]
[Date "2016.09.12"]
[Round "10.18"]
[Board "3"]
[White "Seeman, Tarvo"]
[Black "Quesada Perez, Yuniesky"]
[Result "0-1"]
[WhiteTitle "IM"]
[BlackTitle "GM"]
[WhiteElo "2407"]
[BlackElo "2636"]
[WhiteTeam "Estonia"]
[BlackTeam "Cuba"]
[WhiteFideId "4500547"]
[BlackFideId "3504409"]
[EventDate "2016.09.02"]

1. Nf3 Nf6 2. g3 d5 3. Bg2 e6 4. O-O Be7 5. d3 O-O 6. Nbd2 c5 7. e4 Nc6 8. Re1
b5 9. e5 Nd7 10. Nf1 Bb7 11. h4 Qc7 12. Bf4 Rfc8 13. N1h2 Qd8 14. Rc1 a5 15. Ng5
h6 16. Nh3 Bf8 17. h5 a4 18. Nf3 a3 19. b3 d4 20. g4 Nb4 21. Ra1 Nd5 22. Bd2 Nc3
23. Bxc3 dxc3 24. g5 Qc7 25. g6 fxg6 26. hxg6 Be7 27. Nf4 Ra6 28. Bh3 Nf8 29.
Bg2 Rd8 30. Re3 Rd7 31. Qe1 b4 32. Re4 Qd8 33. Qe2 Bxe4 34. Qxe4 Bg5 35. Nh3 Bd2
36. Kh1 Qe8 37. Qc4 Ra5 38. Rg1 Qxg6 39. Kh2 Qf5 40. d4 cxd4 0-1

[Event "42nd Olympiad 2016"]
[Site "Baku AZE"]
[Date "2016.09.12"]
[Round "10.19"]
[Board "4"]
[White "Fridman, Daniel"]
[Black "Dzhumaev, Marat"]
[Result "0-1"]
[WhiteTitle "GM"]
[BlackTitle "GM"]
[WhiteElo "2618"]
[BlackElo "2450"]
[WhiteTeam "Germany"]
[BlackTeam "Uzbekistan"]
[WhiteFideId "11600454"]
[BlackFideId "14200236"]
[EventDate "2016.09.02"]

1. d4 Nf6 2. Nf3 e6 3. c4 c5 4. g3 cxd4 5. Nxd4 Qc7 6. b3 Bb4+ 7. Bd2 Bc5 8. e3
Nc6 9. Bc3 e5 10. Nc2 h5 11. Bg2 h4 12. Nd2 d6 13. a3 Bg4 14. Bf3 Qd7 15. Qe2
hxg3 16. fxg3 Bxf3 17. Qxf3 d5 18. O-O-O O-O-O 19. cxd5 Nxd5 20. Ne4 Qc7 21. Kb2
Bb6 22. Rd3 Kb8 23. h4 Nxc3 24. Rxc3 Qe7 25. Rd1 Rxd1 26. Qxd1 f5 27. Ng5 e4 28.
Qd5 Qe5 29. Qxe5+ Nxe5 30. Ne1 Rd8 31. Kc2 Rd6 32. Ng2 Nf3 33. Nf4 a6 34. Kc1
Ne5 35. Kc2 Ka7 36. b4 Ng4 37. Ng2 Nh2 38. Nf7 Rg6 39. Ng5 Nf1 40. g4 Rd6 41.
Kc1 fxg4 42. Nxe4 Re6 43. Nc5 Rf6 44. Kd1 Ng3 45. Nf4 Nf5 46. Ng2 Nd6 47. Nf4
Rf5 48. Nce6 Re5 49. Nxg7 Bxe3 50. Nge6 Nf5 51. Rc8 g3 52. Rf8 Nxh4 53. a4 Rxe6
54. Nxe6 g2 55. Rg8 g1=Q+ 56. Rxg1 Bxg1 57. Kc2 Nf5 58. Kc3 Nd6 59. Nf4 Kb6 60.
Nd3 Kc6 61. Nf4 Be3 62. Ng2 Bg5 63. Ne1 Kd5 64. Nc2 Ke4 65. Ne1 Bf6+ 66. Kb3 Bd4
67. Nc2 Bg1 68. Kc3 Bf2 69. Kd2 Bd4 70. Na3 Bb2 71. Nc2 Nc4+ 72. Ke2 Bc3 0-1

[Event "42nd Olympiad 2016"]
[Site "Baku AZE"]
[Date "2016.09.12"]
[Round "10.21"]
[Board "1"]
[White "Delgado Ramirez, Neuris"]
[Black "Hansen, Sune Berg"]
[Result "1-0"]
[WhiteTitle "GM"]
[BlackTitle "GM"]
[WhiteElo "2618"]
[BlackElo "2595"]
[WhiteTeam "Paraguay"]
[BlackTeam "Denmark"]
[WhiteFideId "3503631"]
[BlackFideId "1400266"]
[EventDate "2016.09.02"]

1. e4 e5 2. Nf3 Nc6 3. Bb5 a6 4. Ba4 Nf6 5. Qe2 Be7 6. Bxc6 dxc6 7. Nc3 Bd6 8.
d3 c5 9. Bg5 h6 10. Bh4 Be6 11. Nd2 Be7 12. Bg3 Bd6 13. Nc4 Bxc4 14. dxc4 Nd7
15. O-O Qg5 16. Nd5 O-O 17. Rad1 Rfd8 18. Rd3 Kh8 19. Rf3 f6 20. Rd3 Nf8 21. f4
exf4 22. Nxf4 Bxf4 23. Bxf4 Qg6 24. Bxc7 Re8 25. e5 Ne6 26. Rg3 Qf7 27. exf6
Qxc7 28. Re3 Qd7 29. f7 Rf8 30. Rxe6 Rxf7 31. Rd1 Qc7 32. Qe5 Kg8 33. Qxc7 Rxc7
34. Red6 Re8 35. Rd8 Re7 36. R1d2 b5 37. Rxe8+ Rxe8 38. cxb5 axb5 39. Rd5 Rc8
40. Kf2 Kf7 41. Ke3 Ke6 42. Ke4 b4 43. h4 Rc7 44. h5 Rc8 45. g4 Rc7 46. a4 bxa3
47. bxa3 Ra7 48. Rxc5 Rxa3 49. Rc6+ Kf7 50. c4 Ra1 51. Rg6 Rd1 52. c5 Rd2 53. c6
Rd1 1-0

[Event "42nd Olympiad 2016"]
[Site "Baku AZE"]
[Date "2016.09.12"]
[Round "10.22"]
[Board "3"]
[White "Deac, Bogdan-Daniel"]
[Black "Pulvett Marin, Daniel"]
[Result "1-0"]
[WhiteTitle "IM"]
[BlackTitle "IM"]
[WhiteElo "2524"]
[BlackElo "2434"]
[WhiteTeam "Romania"]
[BlackTeam "Venezuela"]
[WhiteFideId "1226380"]
[BlackFideId "3900410"]
[EventDate "2016.09.02"]

1. e4 c5 2. Nf3 e6 3. d4 cxd4 4. Nxd4 Nc6 5. Nc3 Qc7 6. Be3 a6 7. Qf3 Nf6 8.
O-O-O d6 9. Qg3 Bd7 10. Kb1 Rc8 11. Bd3 Nxd4 12. Bxd4 e5 13. Be3 Be6 14. f3 b5
15. Qe1 Be7 16. Bg5 b4 17. Nd5 Bxd5 18. exd5 Nxd5 19. Bxe7 Nxe7 20. Qxb4 O-O 21.
Qa3 d5 22. c3 a5 23. g4 Rfd8 24. Qa4 Qb6 25. Rhe1 d4 26. c4 Qc5 27. Qb5 f6 28.
f4 Qc7 29. fxe5 Rb8 30. Qa4 fxe5 31. Qc2 g6 32. h4 Rf8 33. h5 Rf6 34. hxg6 Rfb6
35. gxh7+ Kh8 36. Rd2 e4 37. Bxe4 Rxb2+ 38. Qxb2 Rxb2+ 39. Rxb2 Qf4 40. g5 d3 1-0

[Event "42nd Olympiad 2016"]
[Site "Baku AZE"]
[Date "2016.09.12"]
[Round "10.28"]
[Board "3"]
[White "Tin, Jingyao"]
[Black "Dizdarevic, Emir"]
[Result "1-0"]
[WhiteTitle "IM"]
[BlackTitle "GM"]
[WhiteElo "2439"]
[BlackElo "2460"]
[WhiteTeam "Singapore"]
[BlackTeam "Bosnia & Herzegovina"]
[WhiteFideId "5804418"]
[BlackFideId "14400049"]
[EventDate "2016.09.02"]

1. d4 e6 2. c4 d5 3. Nf3 dxc4 4. e3 a6 5. a4 Nf6 6. Bxc4 c5 7. O-O Nc6 8. Qe2
cxd4 9. Rd1 Be7 10. exd4 O-O 11. Nc3 Nb4 12. Bg5 Bd7 13. Ne5 Bc6 14. Nxc6 bxc6
15. Rac1 a5 16. Qf3 Ra7 17. Na2 Rd7 18. Nxb4 Bxb4 19. Qxc6 Rxd4 20. Be2 Bd2 21.
Bxd2 Rxd2 22. Bf3 h6 23. h3 Qd4 24. Rxd2 Qxd2 25. Qc3 Qxc3 26. Rxc3 Rb8 27. b3
Kf8 28. Kf1 g5 29. Ke1 Rb6 30. Kd2 Ra6 31. Rc7 h5 32. Kc3 g4 33. hxg4 hxg4 34.
Bc6 Rb6 35. Ba8 Ra6 36. Bc6 Rb6 37. g3 e5 38. Bg2 e4 39. Rc5 Re6 40. Kd2 Rd6+
41. Kc2 Re6 42. Rxa5 e3 43. fxe3 Rxe3 44. Bb7 Rxg3 45. Rg5 Nh7 46. Re5 Rg1 47.
Kb2 g3 48. Re2 Nf6 49. a5 Nd7 50. a6 Nb6 51. a7 Rf1 52. a8=Q+ Nxa8 53. Bxa8 f5
54. Bg2 Rd1 55. b4 Kf7 56. b5 Rd6 57. Kc3 Kf6 58. Rb2 1-0

[Event "42nd Olympiad 2016"]
[Site "Baku AZE"]
[Date "2016.09.12"]
[Round "10.29"]
[Board "2"]
[White "Shaw, John"]
[Black "Gomez, John Paul"]
[Result "0-1"]
[WhiteTitle "GM"]
[BlackTitle "GM"]
[WhiteElo "2454"]
[BlackElo "2492"]
[WhiteTeam "Scotland"]
[BlackTeam "Philippines"]
[WhiteFideId "2400553"]
[BlackFideId "5201381"]
[EventDate "2016.09.02"]

1. e4 e6 2. d4 d5 3. Nd2 Nf6 4. e5 Nfd7 5. Bd3 c5 6. c3 Nc6 7. Ne2 a5 8. O-O a4
9. f4 a3 10. b3 cxd4 11. Nxd4 Nc5 12. Bc2 Nxd4 13. cxd4 Na6 14. Nf3 Nb4 15. Bd2
Nxc2 16. Qxc2 Be7 17. Rfc1 Bd7 18. Qd3 h6 19. Rc2 O-O 20. Rac1 Bc6 21. Qe3 Kh8
22. h3 Qb6 23. Be1 Rfc8 24. Bh4 Bb4 25. Be1 Bf8 26. Kf2 Qd8 27. Bd2 Bb5 28. Rxc8
Rxc8 29. Rxc8 Qxc8 30. Ne1 Be7 31. Qc3 Qe8 32. Qa5 f6 33. Bb4 Bd8 34. Qxa3 fxe5
35. fxe5 Ba6 36. Bd2 Bh4+ 37. g3 Be7 38. Qc1 Qf8+ 39. Nf3 Bd3 40. Qc3 Be4 41.
Bc1 Qf5 42. g4 Bh4+ 43. Ke2 Bxf3+ 44. Qxf3 Qc2+ 45. Bd2 Bg5 46. Qc3 Qxa2 47. Kd3
Qb1+ 48. Ke2 Qa2 49. Kd3 Qa6+ 50. Kc2 Qe2 51. Kc1 Bxd2+ 52. Qxd2 Qf1+ 53. Kb2
Qxh3 54. Qf4 Qg2+ 55. Kc3 Qe4 56. Qg3 Kh7 57. Qg1 Kg6 58. Kb4 Kg5 59. Kc5 Qxg4
60. Qe3+ Kg6 61. Kb6 h5 62. Kxb7 h4 63. b4 h3 64. Qd3+ Kh6 65. b5 Qg2 66. Qe3+
g5 67. Qa3 h2 68. Qf8+ Kh5 69. Qf7+ Kh4 70. Qxe6 h1=Q 71. Qh6+ Kg4 72. Qe6+ Kg3 0-1

[Event "42nd Olympiad 2016"]
[Site "Baku AZE"]
[Date "2016.09.12"]
[Round "10.30"]
[Board "3"]
[White "Perez Ponsa, Federico"]
[Black "Smith, Axel"]
[Result "1-0"]
[WhiteTitle "GM"]
[BlackTitle "GM"]
[WhiteElo "2585"]
[BlackElo "2516"]
[WhiteTeam "Argentina"]
[BlackTeam "Sweden"]
[WhiteFideId "117927"]
[BlackFideId "1707930"]
[EventDate "2016.09.02"]

1. e4 c5 2. Nf3 Nc6 3. Bb5 d6 4. d4 cxd4 5. Qxd4 Nf6 6. Qd3 Bd7 7. c4 g6 8. Nc3
Bg7 9. O-O O-O 10. h3 a6 11. Bxc6 Bxc6 12. Nd4 Nd7 13. Be3 Nc5 14. Qc2 Ne6 15.
Rad1 Qc7 16. Nxe6 fxe6 17. c5 dxc5 18. Qb3 Qc8 19. Bxc5 Bxc3 20. Qxc3 Bb5 21.
Rfe1 b6 22. Bxe7 Qxc3 23. bxc3 Rfe8 24. Bf6 Rac8 25. Rd6 Rc6 26. Red1 Kf7 27.
Be5 Rc5 28. Bd4 Rc6 29. Be3 Rxc3 30. Rxb6 Rc7 31. Rd4 Rec8 32. a4 Be2 33. e5 Bc4
34. Rbd6 Re7 35. Bg5 Rec7 36. Kh2 Bd5 37. Rxa6 Rc6 38. Rf4+ Kg7 39. Bf6+ Kg8 40.
Rxc6 Bxc6 41. Rc4 Bb7 42. Rb4 Bd5 43. a5 Ra8 44. Rb5 Kf7 45. Rc5 h5 46. Rc7+ Kf8
47. Be7+ Kg8 48. Bb4 Rb8 49. Bc3 Rb7 50. Rc8+ Kf7 51. h4 Re7 52. Bb4 Rd7 53. Bc5
Bb7 54. Rf8+ Kg7 55. Rb8 Rc7 56. Bd6 Rf7 57. Kg3 Kh6 58. f3 Bd5 59. Bc5 Rc7 60.
Be3+ Kg7 61. a6 Rc3 62. Bf2 Ra3 63. a7 Ra2 64. Rc8 g5 65. hxg5 h4+ 66. Kh3 Rxf2
67. a8=Q Bxa8 68. Rxa8 Kg6 69. Kxh4 Rxg2 70. Rf8 Rh2+ 71. Kg4 Rg2+ 72. Kf4 Kh5
73. Re8 Ra2 74. Rxe6 Ra4+ 1-0

[Event "42nd Olympiad 2016"]
[Site "Baku AZE"]
[Date "2016.09.12"]
[Round "10.38"]
[Board "2"]
[White "Villegas, Pierre"]
[Black "Mollah Abdullah, Al Rakib"]
[Result "0-1"]
[WhiteTitle "FM"]
[BlackTitle "GM"]
[WhiteElo "2329"]
[BlackElo "2488"]
[WhiteTeam "Monaco"]
[BlackTeam "Bangladesh"]
[WhiteFideId "654183"]
[BlackFideId "10200444"]
[EventDate "2016.09.02"]

1. d4 Nf6 2. c4 e6 3. Nc3 Bb4 4. Qc2 d6 5. Bg5 Nbd7 6. e3 h6 7. Bh4 b6 8. Ne2
Bb7 9. a3 Bxc3+ 10. Nxc3 g5 11. Bg3 Nh5 12. O-O-O Qe7 13. d5 Ndf6 14. Be2 a6 15.
Kb1 O-O-O 16. Bf3 Kb8 17. Qe2 Ng7 18. dxe6 fxe6 19. Bxb7 Kxb7 20. f3 Nd7 21. e4
Nh5 22. Bf2 Nf4 23. Qf1 Rhf8 24. Rd2 Ne5 25. Bd4 Nc6 26. Be3 Ng6 27. Rf2 Na5 28.
b4 Nc6 29. Ka2 Nce5 30. Kb3 Qf7 31. Qe2 d5 32. cxd5 exd5 33. exd5 Rxd5 34. Kc2
Qf5+ 35. Kb3 Rd3 36. Bc1 Nc6 37. Kb2 Rfd8 38. Rd1 Nge5 39. Rff1 Nc4+ 40. Ka1
Rxc3 0-1

[Event "42nd Olympiad 2016"]
[Site "Baku AZE"]
[Date "2016.09.12"]
[Round "10.39"]
[Board "1"]
[White "Nyback, Tomi"]
[Black "Ismael, Namir Mohammed Ismael"]
[Result "1-0"]
[WhiteTitle "GM"]
[BlackTitle "CM"]
[WhiteElo "2580"]
[BlackElo "2161"]
[WhiteTeam "Finland"]
[BlackTeam "Iraq"]
[WhiteFideId "503142"]
[BlackFideId "4800800"]
[EventDate "2016.09.02"]

1. d4 d5 2. c4 Bf5 3. Nc3 e6 4. Nf3 Nf6 5. Bg5 c6 6. Qb3 Qb6 7. c5 Qc7 8. g3
Nbd7 9. Bf4 Qc8 10. Bg2 b6 11. cxb6 axb6 12. O-O Be7 13. Nh4 O-O 14. Nxf5 exf5
15. Rac1 Qa6 16. a3 Rac8 17. f3 b5 18. Bh3 Qa7 19. Rcd1 g6 20. e4 fxe4 21. fxe4
dxe4 22. Bg5 Nc5 23. dxc5 Qxc5+ 24. Kg2 Qxg5 25. Bxc8 Rxc8 26. Nxe4 Qe5 27.
Nxf6+ Bxf6 28. Qf3 Kg7 29. b4 Rc7 30. Rc1 Qe6 31. Rf2 Bg5 32. Rc5 Be7 33. Re2
Qd7 34. Rc3 c5 35. Rf2 Qe6 36. bxc5 h5 37. Re3 Qf6 38. Qd5 Rxc5 39. Qe4 1-0